000 01458 a2200157 4500
003 OSt
005 20251201140604.0
008 251201b |||||||| |||| 00| 0 eng d
020 _a9781526686824
100 _aShannon S.
_9215550
245 _aAmong the Burning Flowers
260 _bBloomsbury Pulication
_c2025
_aNew Delhi
300 _a276pp
520 _aWith the awakening of fire-breathing dragons, Among the Burning Flowers sees the first sparks of danger that threaten to consume the world in The Priory of the Orange Tree. Take your first steps into the epic. Yscalin, land of sunshine and lavender, will soon be ablaze. It has been centuries since the Draconic Army took wing, almost extinguishing humankind. Marosa Vetalda is a prisoner in her own home, controlled by her cold father, King Sigoso. Over the mountains, her betrothed, Aubrecht Lievelyn, rules Mentendon in all but name. Together, they intend to usher in a better world. A better world seems impossibly distant to Estina Melaugo, who hunts the Draconic beasts that have slept across the world for centuries. And now the great wyrm Fýredel is stirring, and Yscalin will be the first to fall . . . A story of human resilience in the face of dire circumstances, Among the Burning Flowers leads readers through the gripping and tragic circumstances that pave the way for the opening of the million-copy bestseller The Priory of The Orange Tree.
942 _cBK
_2ddc
999 _c369181
_d369181